[Event "BL2 Ost 1920 (Women)"]
[Site "Germany"]
[Date "2019.12.15"]
[Round "4.2"]
[White "Berzina, Ilze"]
[Black "Von Keyserlingk, Chanda"]
[Result "1-0"]
[WhiteElo "2192"]
[BlackElo "1715"]
[PlyCount "41"]
[EventDate "2019.09.14"]
[EventType "team-tourn"]
[EventRounds "7"]
[EventCountry "GER"]
[SourceTitle "EXT 2021"]
[Source "ChessBase"]
[SourceDate "2020.10.23"]
[SourceVersion "1"]
[SourceVersionDate "2020.10.23"]
[SourceQuality "1"]
[WhiteTeam "Loeberitz (W)"]
[BlackTeam "Dresden USV TU (W)"]
[WhiteTeamCountry "GER"]
[BlackTeamCountry "GER"]

1. e4 c5 2. Nf3 d6 3. Bb5+ Nc6 4. 0-0 Bd7 5. Re1 Nf6 6. h3 g6 7. c3 Bg7 8. d4 cxd4 9. cxd4 0-0 10. Nc3 a6 11. Bf1 Rc8 12. Bg5 Na5 13. e5 dxe5 14. dxe5 Ne8 15. Nd5 Nc6 16. Rc1 h6 17. Nxe7+ Nxe7 18. Rxc8 Qxc8 19. Bxe7 Nc7 20. Bxf8 Bxf8 21. Qc2 1-0

[Event "Hradec Kralove op 10th"]
[Site "Hradec Kralove"]
[Date "2019.10.29"]
[Round "5"]
[White "Bullen, Alex"]
[Black "Von Keyserlingk, Chanda"]
[Result "1-0"]
[WhiteElo "2108"]
[BlackElo "1721"]
[PlyCount "39"]
[EventDate "2019.10.26"]
[EventType "swiss"]
[EventRounds "9"]
[EventCountry "CZE"]
[SourceTitle "CBM 193 Extra"]
[Source "ChessBase"]
[SourceDate "2020.01.31"]
[SourceVersion "1"]
[SourceVersionDate "2020.01.31"]
[SourceQuality "1"]

1. d4 d5 2. Nf3 e6 3. c4 Nf6 4. g3 Be7 5. Bg2 0-0 6. 0-0 dxc4 7. Qc2 Nc6 8. Qxc4 Qd5 9. Qa4 b5 10. Qd1 Qh5 11. Nh4 Bb7 12. Bf3 Ng4 13. h3 f5 14. e4 Qf7 15. hxg4 Rad8 16. exf5 exf5 17. Nxf5 Bf6 18. Qb3 Qxb3 19. axb3 Bxd4 20. Bxc6 1-0

[Event "BL2 Ost 1920 (Women)"]
[Site "Germany"]
[Date "2019.09.15"]
[Round "2.3"]
[White "Von Keyserlingk, Chanda"]
[Black "Fischer, Franziska"]
[Result "1-0"]
[WhiteElo "1715"]
[BlackElo "1752"]
[PlyCount "103"]
[EventDate "2019.09.14"]
[EventType "team-tourn"]
[EventRounds "7"]
[EventCountry "GER"]
[SourceTitle "EXT 2021"]
[Source "ChessBase"]
[SourceDate "2020.10.23"]
[SourceVersion "1"]
[SourceVersionDate "2020.10.23"]
[SourceQuality "1"]
[WhiteTeam "Dresden USV TU (W)"]
[BlackTeam "Chemnitz Aufbau (W)"]
[WhiteTeamCountry "GER"]
[BlackTeamCountry "GER"]

1. d4 d5 2. c4 e6 3. Nc3 Nf6 4. cxd5 exd5 5. Bg5 Be7 6. e3 Bf5 7. Qb3 Nbd7 8. Nf3 Nb6 9. Nh4 Qd7 10. Bxf6 Bxf6 11. Nxf5 Qxf5 12. Nb5 0-0 13. Bd3 Qg4 14. 0-0 c6 15. Nc3 h5 16. Ne2 h4 17. h3 Qh5 18. Qd1 g5 19. Nc3 Qh6 20. Qg4 Kh8 21. Rad1 Rad8 22. Bf5 Nc4 23. b3 Nd6 24. Bd3 Be7 25. Be2 f5 26. Qh5 Rf6 27. Qxh6+ Rxh6 28. Rc1 Rg8 29. f3 Rhg6 30. Na4 Nf7 31. Nc5 Bxc5 32. Rxc5 Nh6 33. Bd3 R6g7 34. Rc2 Rf8 35. b4 Ng8 36. b5 Ne7 37. bxc6 Nxc6 38. a3 a6 39. Bxa6 Re8 40. Bxb7 Rxb7 41. Rxc6 Rxe3 42. Rd6 Re2 43. Rc1 Ra2 44. Rxd5 Rxa3 45. Rxf5 Rd3 46. Rd5 Kh7 47. Rd6 Kg7 48. d5 Kf7 49. Rcc6 Rd2 50. Rf6+ Ke8 51. Rce6+ Kd8 52. Rf8+ 1-0

[Event "BL2 Ost 1920 (Women)"]
[Site "Germany"]
[Date "2019.09.14"]
[Round "1.3"]
[White "Nobis, Martina"]
[Black "Von Keyserlingk, Chanda"]
[Result "1-0"]
[WhiteElo "1887"]
[BlackElo "1715"]
[PlyCount "51"]
[EventDate "2019.09.14"]
[EventType "team-tourn"]
[EventRounds "7"]
[EventCountry "GER"]
[SourceTitle "EXT 2021"]
[Source "ChessBase"]
[SourceDate "2020.10.23"]
[SourceVersion "1"]
[SourceVersionDate "2020.10.23"]
[SourceQuality "1"]
[WhiteTeam "Niederwiesa Gruen Weiss (W)"]
[BlackTeam "Dresden USV TU (W)"]
[WhiteTeamCountry "GER"]
[BlackTeamCountry "GER"]

1. e4 c5 2. Nf3 d6 3. d4 cxd4 4. Nxd4 Nf6 5. Nc3 g6 6. Bc4 Bg7 7. f3 Nc6 8. Be3 0-0 9. Qd2 Bd7 10. 0-0-0 Qa5 11. Kb1 Rfc8 12. Bb3 Kf8 13. h4 Ne5 14. Bh6 Nc4 15. Bxg7+ Kxg7 16. Bxc4 Rxc4 17. h5 Rh8 18. hxg6 hxg6 19. Rxh8 Kxh8 20. Qh6+ Kg8 21. Rh1 Nh5 22. Nb3 Qe5 23. g4 Qg7 24. Qe3 Ng3 25. Rg1 Qe5 26. f4 1-0

[Event "GER-chT Federal Cup (Women)"]
[Site "Braunfels"]
[Date "2019.06.23"]
[Round "5.7"]
[White "Von Keyserlingk, Chanda"]
[Black "Valkova, Anzhelika"]
[Result "0-1"]
[WhiteElo "1702"]
[BlackElo "1944"]
[PlyCount "100"]
[EventDate "2019.06.20"]
[EventType "team-swiss"]
[EventRounds "5"]
[EventCountry "GER"]
[SourceTitle "CBM 191 Extra"]
[Source "ChessBase"]
[SourceDate "2019.09.30"]
[SourceVersion "1"]
[SourceVersionDate "2019.09.30"]
[SourceQuality "1"]

1. d4 Nf6 2. c4 g6 3. Nc3 Bg7 4. e4 d6 5. f3 0-0 6. Be3 e5 7. d5 c6 8. Qd2 cxd5 9. cxd5 Na6 10. Bd3 Ne8 11. Nge2 f5 12. 0-0 f4 13. Bf2 Rf7 14. a3 Bf8 15. Rac1 g5 16. Nb5 b6 17. b4 h5 18. Kh1 g4 19. Qe1 Be7 20. Rxc8 Qxc8 21. Bh4 Nac7 22. Bxe7 Rxe7 23. Qh4 Rg7 24. Nbc3 Qd7 25. Qxh5 g3 26. h3 Nf6 27. Qf5 Qxf5 28. exf5 Kf8 29. Nb5 Nxb5 30. Bxb5 Nxd5 31. Rd1 Nc7 32. Bc6 Rd8 33. Nc3 d5 34. b5 Rf7 35. f6 Rxf6 36. Ne4 Rg6 37. Kg1 Ke7 38. Nc3 d4 39. Ne4 Nd5 40. Bxd5 Rxd5 41. a4 d3 42. Kf1 Rg8 43. Rc1 d2 44. Rd1 Rgd8 45. Ke2 Rd4 46. Nxd2 Rxa4 47. Ne4 Ra2+ 48. Rd2 Rdxd2+ 49. Nxd2 Rb2 50. Kd3 Rxb5 0-1

[Event "GER-chT Federal Cup (Women)"]
[Site "Braunfels"]
[Date "2019.06.22"]
[Round "4.23"]
[White "Von Keyserlingk, Chanda"]
[Black "Reich, Kristina"]
[Result "1-0"]
[WhiteElo "1702"]
[BlackElo "1544"]
[PlyCount "79"]
[EventDate "2019.06.20"]
[EventType "team-swiss"]
[EventRounds "5"]
[EventCountry "GER"]
[SourceTitle "CBM 191 Extra"]
[Source "ChessBase"]
[SourceDate "2019.09.30"]
[SourceVersion "1"]
[SourceVersionDate "2019.09.30"]
[SourceQuality "1"]

1. d4 d5 2. c4 c6 3. Nc3 e6 4. e3 f5 5. Nf3 Nf6 6. Bd3 Bd6 7. Ne5 0-0 8. f4 Ne4 9. g3 Nd7 10. Qc2 Ndf6 11. Bd2 Bd7 12. 0-0 Be8 13. Be2 Rc8 14. Qd1 Rc7 15. c5 Be7 16. Nxe4 Nxe4 17. Ba5 Rf6 18. Bxc7 Qxc7 19. Qc2 Rh6 20. Bf3 Bh5 21. Bxe4 dxe4 22. Rf2 Qd8 23. Qb3 Qc8 24. Re1 Bf6 25. Nc4 Qc7 26. Nd6 Bf7 27. Qxb7 Qxb7 28. Nxb7 Rg6 29. Nd6 Rg4 30. Rg2 Bh5 31. Rc1 Rg6 32. Rc3 Bf3 33. Rf2 h5 34. Rb3 h4 35. Rb8+ Kh7 36. Nf7 Rg4 37. Kf1 hxg3 38. hxg3 Rxg3 39. Rh2+ Kg6 40. Nh8# 1-0

[Event "GER-chT Federal Cup (Women)"]
[Site "Braunfels"]
[Date "2019.06.20"]
[Round "1.39"]
[White "Zell, Hannah"]
[Black "Von Keyserlingk, Chanda"]
[Result "1/2-1/2"]
[WhiteElo "1473"]
[BlackElo "1702"]
[PlyCount "65"]
[EventDate "2019.06.20"]
[EventType "team-swiss"]
[EventRounds "5"]
[EventCountry "GER"]
[SourceTitle "CBM 191 Extra"]
[Source "ChessBase"]
[SourceDate "2019.09.30"]
[SourceVersion "1"]
[SourceVersionDate "2019.09.30"]
[SourceQuality "1"]

1. e4 c5 2. c4 d6 3. g3 g6 4. Bg2 Bg7 5. Nc3 Nf6 6. Nge2 Nc6 7. d3 Bd7 8. 0-0 0-0 9. Rb1 Qc8 10. a3 Bh3 11. f4 Bxg2 12. Kxg2 h5 13. Be3 Ng4 14. Bg1 e6 15. Qd2 a6 16. h3 Nh6 17. Be3 f5 18. b4 Nd4 19. Nd1 b6 20. Nf2 Qc6 21. Bxd4 cxd4 22. Kh2 e5 23. Qa2 Kh7 24. Rfc1 Qd7 25. a4 Rfc8 26. a5 b5 27. Rb2 bxc4 28. Rxc4 fxe4 29. Nxe4 Nf5 30. Rxc8 Rxc8 31. Ng5+ Kh8 32. Nf7+ Kh7 33. Ng5+ 1/2-1/2

[Event "Liberec op 19th"]
[Site "Liberec"]
[Date "2019.02.23"]
[Round "1"]
[White "Von Keyserlingk, Chanda"]
[Black "Balinski, Damian"]
[Result "0-1"]
[WhiteElo "1743"]
[BlackElo "2161"]
[PlyCount "32"]
[EventDate "2019.02.23"]
[EventType "swiss"]
[EventRounds "9"]
[EventCountry "CZE"]
[SourceTitle "CBM 189 Extra"]
[Source "ChessBase"]
[SourceDate "2019.06.03"]
[SourceVersion "1"]
[SourceVersionDate "2019.06.03"]
[SourceQuality "1"]

1. d4 Nf6 2. c4 g6 3. f3 Bg7 4. e4 d6 5. Nc3 c6 6. Be3 a6 7. Qd2 b5 8. a3 Nbd7 9. Rc1 Rb8 10. Bd3 bxc4 11. Nge2 e5 12. Bxc4 exd4 13. Nxd4 Ne5 14. Na2 c5 15. Ne2 Nxc4 16. Rxc4 Be6 0-1

[Event "BL2 Ost 1718 (Women)"]
[Site "Germany"]
[Date "2017.10.14"]
[Round "1.3"]
[White "Halas, Lena"]
[Black "Von Keyserlingk, Chanda"]
[Result "0-1"]
[WhiteElo "1805"]
[BlackElo "1738"]
[PlyCount "76"]
[EventDate "2017.10.14"]
[EventType "team-tourn"]
[EventRounds "7"]
[EventCountry "GER"]
[SourceTitle "EXT 2019"]
[Source "ChessBase"]
[SourceDate "2018.10.10"]
[SourceVersion "1"]
[SourceVersionDate "2018.10.10"]
[SourceQuality "1"]
[WhiteTeam "Leipzig SG (W)"]
[BlackTeam "Dresden USV TU (W)"]
[WhiteTeamCountry "GER"]
[BlackTeamCountry "GER"]

1. e4 c5 2. Nf3 d6 3. d4 cxd4 4. Nxd4 Nf6 5. Nc3 g6 6. f3 Bg7 7. Be3 Nc6 8. Qd2 0-0 9. 0-0-0 Bd7 10. g4 a6 11. h4 Rc8 12. h5 Ne5 13. Bh6 Rxc3 14. Bxg7 Rc8 15. Bxf6 exf6 16. hxg6 fxg6 17. Be2 Qe7 18. Rdg1 Rc7 19. f4 Nc4 20. Qe1 Rfc8 21. Bd3 g5 22. Nf5 Bxf5 23. gxf5 Kh8 24. fxg5 fxg5 25. Qf2 Qf6 26. c3 Nxb2 27. Qxb2 Rxc3+ 28. Kb1 Qd4 29. Rd1 Qe3 30. Bc2 Qf2 31. Rc1 R8c6 32. Qxb7 Rb6+ 33. Bb3 Rxc1+ 34. Rxc1 Rxb7 35. Rc8+ Kg7 36. Rg8+ Kf6 37. Rf8+ Ke5 38. Re8+ Kd4 0-1

[Event "GER-chT Federal Cup (Women)"]
[Site "Braunfels"]
[Date "2017.06.16"]
[Round "3.6"]
[White "Vollstaedt Klein, Sabine"]
[Black "Von Keyserlingk, Chanda"]
[Result "1/2-1/2"]
[WhiteElo "1879"]
[BlackElo "1732"]
[PlyCount "90"]
[EventDate "2017.06.15"]
[EventType "team-swiss"]
[EventRounds "5"]
[EventCountry "GER"]
[SourceTitle "CBM 179 Extra"]
[Source "ChessBase"]
[SourceDate "2017.08.23"]
[SourceVersion "1"]
[SourceVersionDate "2017.08.23"]
[SourceQuality "1"]
[WhiteTeam "Baden (W)"]
[BlackTeam "Sachsen (W)"]
[WhiteTeamCountry "GER"]
[BlackTeamCountry "GER"]

1. e4 c5 2. Nc3 d6 3. g3 g6 4. Bg2 Bg7 5. Nge2 e6 6. d3 Ne7 7. 0-0 0-0 8. Be3 Nbc6 9. Qd2 Re8 10. d4 cxd4 11. Nxd4 a6 12. Nce2 Ne5 13. Qd1 Nc4 14. Bc1 Nc6 15. b3 Nb6 16. Rb1 Qc7 17. Nxc6 bxc6 18. Be3 Rb8 19. Qd2 Bf8 20. Rbd1 Bb7 21. Bh6 Be7 22. Bg5 f6 23. Be3 Rbd8 24. Nd4 Bf8 25. Bh6 e5 26. Bxf8 Kxf8 27. Ne2 Bc8 28. c4 Bb7 29. h4 Nc8 30. Qe3 c5 31. f4 Kg7 32. f5 Ne7 33. g4 Ng8 34. Ng3 Bc8 35. g5 Rf8 36. fxg6 hxg6 37. h5 Qf7 38. gxf6+ Nxf6 39. Qg5 Qe8 40. Rd2 Nh7 41. h6+ Kg8 42. Rxf8+ Kxf8 43. Rf2+ Kg8 44. Qd2 Qe7 45. Rf1 Be6 1/2-1/2

[Event "Regionalliga Ost 1617 (Women)"]
[Site "Germany"]
[Date "2017.03.26"]
[Round "5.1"]
[White "Von Keyserlingk, Chanda"]
[Black "Kirschner, Elena"]
[Result "1-0"]
[WhiteElo "1717"]
[BlackElo "1269"]
[PlyCount "63"]
[EventDate "2016.10.23"]
[EventType "team-tourn"]
[EventRounds "5"]
[EventCountry "GER"]
[SourceTitle "EXT 2018"]
[Source "ChessBase"]
[SourceDate "2017.10.13"]
[SourceVersion "1"]
[SourceVersionDate "2017.10.13"]
[SourceQuality "1"]
[WhiteTeam "Dresden USV TU (W)"]
[BlackTeam "Berlin Friedrichshagen (W)"]
[WhiteTeamCountry "GER"]
[BlackTeamCountry "GER"]

1. d4 d5 2. c4 c5 3. e3 e6 4. Nc3 Nf6 5. cxd5 exd5 6. Nf3 Nc6 7. Be2 a6 8. 0-0 Bd6 9. a3 0-0 10. dxc5 Bxc5 11. b4 Ba7 12. Bb2 Be6 13. Bd3 h6 14. h3 Ne7 15. Ne2 Ne4 16. Nfd4 Bd7 17. Rc1 Nc6 18. Nxc6 Bxc6 19. Nd4 Bd7 20. Qe2 Qg5 21. Nf3 Qe7 22. Rc7 b5 23. Ne5 Nf6 24. Nc6 Qd6 25. Rc1 Bb8 26. Nxb8 Raxb8 27. Qf3 Ne8 28. R7c5 Be6 29. Rc6 Qd7 30. Rxa6 Nd6 31. Qg3 Ne8 32. Qxb8 1-0

[Event "Marianske Lazne op 16th"]
[Site "Marianske Lazne"]
[Date "2017.01.26"]
[Round "7"]
[White "Geisensetter, Franz"]
[Black "Von Keyserlingk, Chanda"]
[Result "1-0"]
[WhiteElo "2066"]
[BlackElo "1757"]
[PlyCount "87"]
[EventDate "2017.01.21"]
[EventType "swiss"]
[EventRounds "9"]
[EventCountry "CZE"]
[SourceTitle "CBM 176 Extra"]
[Source "ChessBase"]
[SourceDate "2017.03.02"]
[SourceVersion "1"]
[SourceVersionDate "2017.03.02"]
[SourceQuality "1"]

1. e4 c5 2. Nf3 d6 3. Bb5+ Bd7 4. Bxd7+ Qxd7 5. c3 e5 6. d4 cxd4 7. cxd4 exd4 8. Nxd4 Nc6 9. 0-0 g6 10. Nc3 Bg7 11. Ndb5 Rd8 12. Bf4 Be5 13. Bxe5 dxe5 14. Nd5 Rc8 15. f4 a6 16. Nb6 Qxd1 17. Raxd1 Rd8 18. Nd6+ Kf8 19. fxe5 Nxe5 20. Nxb7 Rxd1 21. Rxd1 Nc6 22. Nc5 Kg7 23. Nxa6 Nf6 24. Rd6 Ne5 25. Nc5 Re8 26. a4 Neg4 27. h3 Ne3 28. a5 Nxe4 29. Nxe4 Rxe4 30. a6 Nf5 31. Rd7 Re1+ 32. Kh2 Ne3 33. Kg3 Nf5+ 34. Kf2 Rb1 35. Na4 Rc1 36. a7 Rc2+ 37. Kf3 Nh4+ 38. Ke4 Rc4+ 39. Rd4 Rc8 40. Nb6 Re8+ 41. Kd3 Nxg2 42. a8Q Ne1+ 43. Kc3 Re3+ 44. Kd2 1-0

[Event "GER-chT Federal Cup (Women)"]
[Site "Braunfels"]
[Date "2016.05.27"]
[Round "2.7"]
[White "Von Keyserlingk, Chanda"]
[Black "Gheng, Hannelore"]
[Result "0-1"]
[WhiteElo "1734"]
[BlackElo "1615"]
[PlyCount "102"]
[EventDate "2016.05.26"]
[EventType "team-swiss"]
[EventRounds "5"]
[EventCountry "GER"]
[SourceTitle "EXT 2019"]
[Source "ChessBase"]
[SourceDate "2018.10.10"]
[SourceVersion "1"]
[SourceVersionDate "2018.10.10"]
[SourceQuality "1"]
[WhiteTeam "Sachsen (W)"]
[BlackTeam "Wuerttemberg (W)"]
[WhiteTeamCountry "GER"]
[BlackTeamCountry "GER"]

1. d4 d5 2. c4 e6 3. Nc3 Nf6 4. cxd5 exd5 5. Bg5 Be7 6. e3 h6 7. Bh4 Bf5 8. Qb3 g5 9. Bg3 0-0 10. Qxb7 c6 11. Nf3 Ne4 12. Bc7 Qc8 13. Qxc8 Rxc8 14. Ba5 Nd7 15. Nxe4 dxe4 16. Nd2 c5 17. Bc3 cxd4 18. Bxd4 Bb4 19. a3 Bxd2+ 20. Kxd2 Nc5 21. Bc4 Rab8 22. b4 Nd3 23. Bxd3 exd3 24. Bc3 Rxc3 25. Kxc3 Rc8+ 26. Kd4 Rd8+ 27. Kc3 Rc8+ 28. Kd2 Rc2+ 29. Ke1 Re2+ 30. Kf1 Be6 31. f3 Bc4 32. e4 d2 33. Rd1 Rxe4+ 34. Kf2 Re2+ 35. Kf1 Re3+ 36. Kf2 Re2+ 37. Kf1 f5 38. a4 a6 39. a5 h5 40. h3 h4 41. Rg1 Kf7 42. Rh1 Kf6 43. Kg1 Bb3 44. Kh2 Bxd1 45. Rxd1 Ke5 46. b5 Kd4 47. b6 Kc3 48. b7 Re8 49. Rb1 Rb8 50. Rb6 d1Q 51. Rc6+ Kb4 0-1

[Event "GER-chT Federal Cup (Women)"]
[Site "Braunfels"]
[Date "2016.05.27"]
[Round "3.7"]
[White "Von Keyserlingk, Chanda"]
[Black "Luebbert, Charline"]
[Result "1-0"]
[WhiteElo "1734"]
[BlackElo "1324"]
[PlyCount "79"]
[EventDate "2016.05.26"]
[EventType "team-swiss"]
[EventRounds "5"]
[EventCountry "GER"]
[SourceTitle "EXT 2019"]
[Source "ChessBase"]
[SourceDate "2018.10.10"]
[SourceVersion "1"]
[SourceVersionDate "2018.10.10"]
[SourceQuality "1"]
[WhiteTeam "Sachsen (W)"]
[BlackTeam "Mecklenburg Vorpommern (W)"]
[WhiteTeamCountry "GER"]
[BlackTeamCountry "GER"]

1. d4 Nf6 2. c4 e6 3. Nc3 d5 4. cxd5 Nxd5 5. Nf3 Nc6 6. e3 Bb4 7. Bd2 Nxc3 8. bxc3 Ba5 9. Be2 h6 10. 0-0 Bd7 11. Qc2 Qe7 12. Rab1 b6 13. Rfe1 Bc8 14. e4 0-0 15. Rb3 Bb7 16. Bc1 Qd8 17. Rd1 Ne7 18. Ne5 Ng6 19. Nc4 Rb8 20. Nxa5 bxa5 21. f3 Bc6 22. Rxb8 Qxb8 23. Ba3 Rd8 24. Rb1 Qa8 25. Rb2 Rb8 26. Qb1 Rxb2 27. Qxb2 Nf4 28. Bf1 Ba4 29. g3 Ng6 30. Bc5 Bd1 31. Kf2 f5 32. Bd3 f4 33. Qb5 fxg3+ 34. hxg3 c6 35. Qxa5 Qb7 36. Qa3 a5 37. Qc1 Ba4 38. e5 Bb5 39. Bxg6 Bc4 40. Qc2 1-0

[Event "Liberec op 16th"]
[Site "Liberec"]
[Date "2016.02.20"]
[Round "9"]
[White "Grzesik, Norbert"]
[Black "Von Keyserlingk, Chanda"]
[Result "1-0"]
[WhiteElo "1892"]
[BlackElo "1758"]
[PlyCount "73"]
[EventDate "2016.02.13"]
[EventType "swiss"]
[EventRounds "9"]
[EventCountry "CZE"]
[SourceTitle "CBM 170 Extra"]
[Source "ChessBase"]
[SourceDate "2016.02.25"]
[SourceVersion "1"]
[SourceVersionDate "2016.02.25"]
[SourceQuality "1"]

1. e4 c6 2. d4 d5 3. Nc3 dxe4 4. Nxe4 Nd7 5. Nf3 Ngf6 6. Ng3 e6 7. Bd3 c5 8. 0-0 cxd4 9. Nxd4 Bc5 10. Nb3 0-0 11. Nxc5 Nxc5 12. Be2 Qc7 13. Bf3 Bd7 14. Be3 Rad8 15. Qe2 b6 16. Bg5 Kh8 17. Nh5 Nxh5 18. Bxd8 Qxd8 19. Bxh5 Qf6 20. c3 Bc6 21. Bf3 Bxf3 22. Qxf3 Qe7 23. Rad1 Kg8 24. Rd2 Rd8 25. Rfd1 Rxd2 26. Rxd2 h6 27. h3 Qg5 28. Rd1 Qe7 29. Qa8+ Kh7 30. Qd8 Qb7 31. b4 Ne4 32. Qd7 Qb8 33. f3 Nf6 34. Qd3+ g6 35. Qd6 Qc8 36. Qe7 Kg7 37. Rd8 1-0

[Event "Liberec op 16th"]
[Site "Liberec"]
[Date "2016.02.14"]
[Round "2"]
[White "Von Keyserlingk, Chanda"]
[Black "Westphal, Norbert"]
[Result "1/2-1/2"]
[WhiteElo "1758"]
[BlackElo "1987"]
[PlyCount "74"]
[EventDate "2016.02.13"]
[EventType "swiss"]
[EventRounds "9"]
[EventCountry "CZE"]
[SourceTitle "CBM 170 Extra"]
[Source "ChessBase"]
[SourceDate "2016.02.25"]
[SourceVersion "1"]
[SourceVersionDate "2016.02.25"]
[SourceQuality "1"]

1. d4 d5 2. c4 e6 3. Nc3 Nf6 4. cxd5 exd5 5. Bg5 Be7 6. e3 c6 7. Qc2 Nbd7 8. Bd3 0-0 9. Nge2 Re8 10. 0-0 Nf8 11. Rad1 h6 12. Bh4 Ne4 13. Bxe7 Qxe7 14. Nxe4 dxe4 15. Bc4 Bg4 16. Rd2 Bxe2 17. Rxe2 Rad8 18. a3 Nd7 19. Ba2 Nf6 20. Rc1 a6 21. Qd1 Rd7 22. Rec2 Nd5 23. Qe2 Qg5 24. Rc5 Re6 25. Bxd5 Rxd5 26. Rxd5 cxd5 27. Rc8+ Kh7 28. Rc7 f5 29. g3 Rb6 30. Rc2 Qf6 31. Qd2 Rb3 32. Rc3 Qb6 33. Rxb3 Qxb3 34. Kf1 b5 35. Ke1 Qa2 36. Qc1 a5 37. Kd1 Qb3+ 1/2-1/2

[Event "Marienske Lazne op 15th"]
[Site "Marianske Lazne"]
[Date "2016.01.19"]
[Round "4"]
[White "Jedrocha, Katarzyna"]
[Black "Von Keyserlingk, Chanda"]
[Result "1/2-1/2"]
[WhiteElo "1945"]
[BlackElo "1760"]
[PlyCount "93"]
[EventDate "2016.01.16"]
[EventType "swiss"]
[EventRounds "9"]
[EventCountry "CZE"]
[SourceTitle "CBM 170 Extra"]
[Source "ChessBase"]
[SourceDate "2016.02.25"]
[SourceVersion "1"]
[SourceVersionDate "2016.02.25"]
[SourceQuality "1"]

1. e4 c6 2. d4 d5 3. Nd2 dxe4 4. Nxe4 Nd7 5. Bc4 Ngf6 6. Ng5 e6 7. Qe2 Nb6 8. Bd3 Nbd5 9. c3 h6 10. N5f3 c5 11. Bd2 a6 12. c4 Nb4 13. Bxb4 cxb4 14. Qe3 Qa5 15. b3 Be7 16. Ne5 0-0 17. Ngf3 Bd6 18. 0-0 Qc7 19. h3 b6 20. Bc2 Bb7 21. Rfe1 Rae8 22. Qd3 Bxf3 23. Qxf3 Rd8 24. Rad1 Bxe5 25. Rxe5 Rxd4 26. Rxd4 Qxe5 27. Qd1 Qc7 28. Rd6 Re8 29. Qd4 Qc5 30. Qxc5 bxc5 31. Rxa6 Rc8 32. Kf1 Kf8 33. Ke2 Ke8 34. a3 bxa3 35. Rxa3 Kd8 36. Ra7 Rc7 37. Ra4 Ne8 38. b4 cxb4 39. Rxb4 Nd6 40. Kd3 e5 41. Bb3 f6 42. Rb8+ Rc8 43. Rxc8+ Kxc8 44. c5 Nb7 45. Kc4 Na5+ 46. Kb4 Nxb3 47. Kxb3 1/2-1/2

[Event "Marienske Lazne op 15th"]
[Site "Marianske Lazne"]
[Date "2016.01.18"]
[Round "3"]
[White "Von Keyserlingk, Chanda"]
[Black "Wilk, Igor"]
[Result "1-0"]
[WhiteElo "1760"]
[BlackElo "1055"]
[PlyCount "73"]
[EventDate "2016.01.16"]
[EventType "swiss"]
[EventRounds "9"]
[EventCountry "CZE"]
[SourceTitle "CBM 170 Extra"]
[Source "ChessBase"]
[SourceDate "2016.02.25"]
[SourceVersion "1"]
[SourceVersionDate "2016.02.25"]
[SourceQuality "1"]

1. d4 Nf6 2. c4 e5 3. dxe5 Ng4 4. Nf3 Bc5 5. e3 Nc6 6. Nc3 Ngxe5 7. Nxe5 Nxe5 8. Be2 0-0 9. 0-0 d6 10. Kh1 Be6 11. b3 Qd7 12. Ne4 Bb6 13. Ng5 h6 14. Nxe6 Qxe6 15. Bb2 c6 16. Qc2 Qg6 17. Qxg6 Nxg6 18. Rad1 Bc5 19. Bc3 a5 20. Bd3 Ba3 21. f4 Bc5 22. e4 Ne7 23. Rf3 f5 24. Rg3 Rf7 25. exf5 Kh8 26. f6 gxf6 27. Rf1 b6 28. Rh3 Ng8 29. Rff3 Rg7 30. Rh5 Raa7 31. Be4 Rac7 32. g3 Rg4 33. Bf5 Rgg7 34. Be6 Rg6 35. Bxg8 Kxg8 36. f5 Rgg7 37. Rxh6 1-0

[Event "GER-chT Federal Cup (Women)"]
[Site "Braunfels"]
[Date "2015.06.05"]
[Round "2.7"]
[White "Froehlich Dill, Astrid"]
[Black "Von Keyserlingk, Chanda"]
[Result "0-1"]
[WhiteElo "1745"]
[BlackElo "1712"]
[PlyCount "96"]
[EventDate "2015.06.04"]
[EventType "team-swiss"]
[EventRounds "5"]
[EventCountry "GER"]
[SourceTitle "CBM 167 Extra"]
[Source "ChessBase"]
[SourceDate "2015.09.14"]
[SourceVersion "1"]
[SourceVersionDate "2015.09.14"]
[SourceQuality "1"]
[WhiteTeam "Hessen (W)"]
[BlackTeam "Sachsen (W)"]
[WhiteTeamCountry "GER"]
[BlackTeamCountry "GER"]

1. d4 d5 2. Nf3 c6 3. c4 Nf6 4. Nc3 dxc4 5. a4 Bf5 6. e3 e6 7. Bxc4 Bd6 8. h3 Nbd7 9. Qe2 Ne4 10. 0-0 0-0 11. Nxe4 Bxe4 12. Nd2 Bd5 13. e4 Bxc4 14. Nxc4 Bc7 15. b3 Qb8 16. Ba3 Rd8 17. e5 Nb6 18. Nd6 Nc8 19. Nxc8 Qxc8 20. Rad1 Rd5 21. Rd3 Qd7 22. Rfd1 Rd8 23. f4 Bb6 24. Bd6 Bc7 25. Bxc7 Qxc7 26. Qe4 Qb6 27. Kf1 c5 28. dxc5 Qxc5 29. Rxd5 Rxd5 30. Rxd5 exd5 31. Qf3 b6 32. f5 Qd4 33. e6 fxe6 34. fxe6 Qf6 35. Ke2 Qxe6+ 36. Kd3 Qe5 37. g3 g6 38. Qe3 Qxe3+ 39. Kxe3 Kf7 40. Kd4 Ke6 41. b4 a6 42. g4 g5 43. a5 bxa5 44. bxa5 h6 45. Kc5 Ke5 46. Kb6 d4 47. Kxa6 d3 48. Kb7 d2 0-1

[Event "GER-chT Federal Cup (Women)"]
[Site "Braunfels"]
[Date "2015.06.04"]
[Round "1.6"]
[White "Alt, Barbara"]
[Black "Von Keyserlingk, Chanda"]
[Result "0-1"]
[WhiteElo "1356"]
[BlackElo "1712"]
[PlyCount "84"]
[EventDate "2015.06.04"]
[EventType "team-swiss"]
[EventRounds "5"]
[EventCountry "GER"]
[SourceTitle "CBM 167 Extra"]
[Source "ChessBase"]
[SourceDate "2015.09.14"]
[SourceVersion "1"]
[SourceVersionDate "2015.09.14"]
[SourceQuality "1"]
[WhiteTeam "Saarland (W)"]
[BlackTeam "Sachsen (W)"]
[WhiteTeamCountry "GER"]
[BlackTeamCountry "GER"]

1. e4 c5 2. d4 cxd4 3. c3 d3 4. Bxd3 Nc6 5. Nf3 d6 6. 0-0 Nf6 7. Re1 Ng4 8. h3 Nge5 9. Bc2 g6 10. Nxe5 Nxe5 11. f4 Nc6 12. Be3 Bg7 13. Nd2 0-0 14. Nf3 Bd7 15. Qd2 Na5 16. Qf2 b6 17. Rad1 Qc7 18. h4 Nc4 19. Bc1 Bg4 20. Rd3 Rac8 21. Nh2 Bd7 22. Qe2 Qc5+ 23. Kh1 Qc7 24. h5 b5 25. Ng4 f5 26. h6 Bh8 27. Nf2 fxe4 28. Nxe4 Bf5 29. Rg3 d5 30. Ng5 e5 31. fxe5 Bxe5 32. Bxf5 Rxf5 33. Rd3 Bd6 34. Qe6+ Kh8 35. Rxd5 Rcf8 36. Rxf5 Rxf5 37. Qe8+ Rf8 38. Qe6 Bg3 39. Rd1 Ne5 40. Be3 Qc4 41. Bxa7 Qh4+ 42. Kg1 Qh2# 0-1